000 00444cam a2200169 4500
001 D7649
008 090401t1975 xxu||||| |||| 00| 0 eng d
035 _a(Sirsi) u8697
041 _aeng
050 _a333.77
245 _a100 Centre Guide to Commercial Property Developments 1975-76
260 _aEpping, Essex
_bGower Economic Publications
_c1975
300 _axxii. 414p. illus. 30cm
350 _a0
942 _n0
948 _c04/03/1997
999 _c86549
_d86549